Iran, the Looming Crisis : (Record no. 17123)
[ view plain ]
| 000 -LEADER | |
|---|---|
| fixed length control field | 01209pam a2200325 a 4500 |
| 001 - CONTROL NUMBER | |
| control field | 015541685 |
| 003 - CONTROL NUMBER IDENTIFIER | |
| control field | Uk |
| 005 - DATE AND TIME OF LATEST TRANSACTION | |
| control field | 20121128134954.0 |
| 008 - FIXED-LENGTH DATA ELEMENTS--GENERAL INFORMATION | |
| fixed length control field | 100420s2010 enk b 001|0 eng|d |
| 020 ## - INTERNATIONAL STANDARD BOOK NUMBER | |
| International Standard Book Number | 1846684234 (pbk.) : |
| 020 ## - INTERNATIONAL STANDARD BOOK NUMBER | |
| International Standard Book Number | 9781846684234 (pbk.) : |
| 082 04 - DEWEY DECIMAL CLASSIFICATION NUMBER | |
| Classification number | 327.17470955 |
| Edition number | 22 |
| Item number | OTT |
| 100 1# - MAIN ENTRY--PERSONAL NAME | |
| Personal name | Ottolenghi, Emanuele. |
| 9 (RLIN) | 31547 |
| 245 10 - TITLE STATEMENT | |
| Title | Iran, the Looming Crisis : |
| Remainder of title | Can the West Live with Lran's Nuclear Threat? / |
| Statement of responsibility, etc | Emanuele Ottolenghi. |
| 250 ## - EDITION STATEMENT | |
| Edition statement | New ed. |
| 260 ## - PUBLICATION, DISTRIBUTION, ETC. (IMPRINT) | |
| Place of publication, distribution, etc | London : |
| Name of publisher, distributor, etc | Profile, |
| Date of publication, distribution, etc | 2010. |
| 300 ## - PHYSICAL DESCRIPTION | |
| Extent | xii, 339 p. ; |
| Dimensions | 20 cm. |
| 500 ## - GENERAL NOTE | |
| General note | Originally published: as Under a mushroom cloud. 2009. |
| 500 ## - GENERAL NOTE | |
| General note | Formerly CIP. |
| Institution to which field applies | Uk |
| 504 ## - BIBLIOGRAPHY, ETC. NOTE | |
| Bibliography, etc | Includes bibliographical references and index. |
| 650 #0 - SUBJECT ADDED ENTRY--TOPICAL TERM | |
| Topical term or geographic name as entry element | Nuclear energy |
| General subdivision | Government policy |
| Geographic subdivision | Iran. |
| 9 (RLIN) | 31548 |
| 650 #0 - SUBJECT ADDED ENTRY--TOPICAL TERM | |
| Topical term or geographic name as entry element | Nuclear weapons |
| Geographic subdivision | Iran. |
| 9 (RLIN) | 31549 |
| 650 #0 - SUBJECT ADDED ENTRY--TOPICAL TERM | |
| Topical term or geographic name as entry element | Nuclear arms control |
| Geographic subdivision | Iran. |
| 9 (RLIN) | 31550 |
| 651 #0 - SUBJECT ADDED ENTRY--GEOGRAPHIC NAME | |
| Geographic name | Iran |
| General subdivision | Politics and government |
| Chronological subdivision | 21st century. |
| 9 (RLIN) | 31551 |
| 651 #0 - SUBJECT ADDED ENTRY--GEOGRAPHIC NAME | |
| Geographic name | Iran |
| General subdivision | Foreign relations |
| Geographic subdivision | Western countries. |
| 9 (RLIN) | 31552 |
| 651 #0 - SUBJECT ADDED ENTRY--GEOGRAPHIC NAME | |
| Geographic name | Western countries |
| General subdivision | Foreign relations |
| Geographic subdivision | Iran. |
| 9 (RLIN) | 31553 |
| 653 ## - INDEX TERM--UNCONTROLLED | |
| Resource For college | |
| Arrived date list | November2012 |
| 700 1# - ADDED ENTRY--PERSONAL NAME | |
| Personal name | Ottolenghi, Emanuele. |
| Title of a work | Under a mushroom cloud. |
| 9 (RLIN) | 31554 |
| 942 ## - ADDED ENTRY ELEMENTS (KOHA) | |
| Source of classification or shelving scheme | Dewey Decimal Classification |
| Item type | Book - Borrowing |
| Withdrawn status | Item status | Source of classification or shelving scheme | Damaged status | Not for loan | Vendor | Home library | Current library | Shelving location | Date acquired | Source of acquisition | Cost, normal purchase price | Serial Enumeration / chronology | Total Checkouts | Total Renewals | Full call number | Barcode | Date last seen | Date last borrowed | Koha item type |
|---|---|---|---|---|---|---|---|---|---|---|---|---|---|---|---|---|---|---|---|
| Dewey Decimal Classification | Al Kotob Khan | Central Library | Central Library | First floor | 28/11/2012 | 90.00 | 1 | 5 | 52 | 327.17470955 OTT | 000027855 | 15/07/2025 | 13/11/2021 | Book - Borrowing |